000 01037nam a22003137a 4500
003 CHAP
005 20220329135246.0
008 971013s1970 r 00010 d
010 _a33397
011 _a34369
035 _a38485
040 _cCHAP
090 _aTesis
100 0 0 _aMaydón Garza, Francisco.
_973222
245 _aElaboración de hipótesis explicativas de los cambios en la demanda de dinero en México, 1955-1968
260 _aMonterrey, N.L. :
_bEl autor,
_c1970
300 _a20 h.
_b; gráfs
502 _aTesis (Lic. en Economía) -- Universidad de Nuevo León. Fac. de Economía
590 _aALEPH
_b10
_c20130110
_lUCH01
_h1258
590 _aBATCH-UPD
_b10
_c20130110
_lUCH01
_h0054
590 _aBATCH-UPD
_b10
_c20130110
_lUCH01
_h1401
590 _aBATCH-UPD
_b10
_c20130409
_lUCH01
_h2042
590 _aBATCH-UPD
_b10
_c20130914
_lUCH01
_h1204
590 _aCONVERSION
_b10
_c20130109
_lUCH01
_h1319
650 1 4 _aDinero.
_932616
901 _aBK
942 _cTESIS
949 _bBC
_cTES
_d-87980
_eTS1
_i38485
_si
999 _c33397
_d33397